| 000 | 00710nab a2200229 4500 | ||
|---|---|---|---|
| 003 | BR-BrBNA | ||
| 005 | 20241212162017.0 | ||
| 008 | 241212b bl.||||| |||| 00| 0 por d | ||
| 040 |
_aBR-BrBNA _bpor |
||
| 072 |
_aF06; N20 ; F01 _b4630 |
||
| 100 | _4Giacóia Neto, José | ||
| 245 | _aIrrigação para paredes verdes e vasos | ||
| 500 | _a18 illus. | ||
| 650 | _aVASO DE PLANTA | ||
| 650 | _aCASA DE VEGETAÇÃO | ||
| 650 | _aJARDIM | ||
| 650 | _aIRRIGAÇÃO LOCALIZADA | ||
| 650 | _aEQUIPAMENTO DE IRRIGAÇÃO | ||
| 773 | 0 |
_04820 _9344749 _dVotuporanga/SP IRRIGAZINE 2009 _o2024-5079 _tIrrigazine (Brazil) _gv. 10(38) p. 16-22; (Sep 2014) _wBR2024003916 |
|
| 942 | _cANA | ||
| 999 |
_c329212 _d329212 |
||